Envisioning women in world history / (Record no. 395)
| 000 -LEADER | |
|---|---|
| fixed length control field | 01252cam a22003254a 4500 |
| 001 - CONTROL NUMBER | |
| control field | 14959399 |
| 003 - CONTROL NUMBER IDENTIFIER | |
| control field | OSt |
| 005 - DATE AND TIME OF LATEST TRANSACTION | |
| control field | 20140116120826.0 |
| 008 - FIXED-LENGTH DATA ELEMENTS--GENERAL INFORMATION | |
| fixed length control field | 070809s2009 nyua b 001 0 eng |
| 010 ## - LIBRARY OF CONGRESS CONTROL NUMBER | |
| LC control number | 2007032970 |
| 020 ## - INTERNATIONAL STANDARD BOOK NUMBER | |
| International Standard Book Number | 9780073513225 |
| 040 ## - CATALOGING SOURCE | |
| Original cataloging agency | DLC |
| Transcribing agency | DLC |
| Modifying agency | DLC |
| 050 00 - LIBRARY OF CONGRESS CALL NUMBER | |
| Classification number | HQ1121.C53 2009 |
| 082 00 - DEWEY DECIMAL CLASSIFICATION NUMBER | |
| Classification number | 908.2 |
| Edition number | 22 |
| 100 ## - MAIN ENTRY--PERSONAL NAME | |
| Personal name | Clay, Catherine. |
| 245 10 - TITLE STATEMENT | |
| Title | Envisioning women in world history / |
| Statement of responsibility, etc | Catherine Clay, Chandrika Paul, Christine Senecal. |
| 260 ## - PUBLICATION, DISTRIBUTION, ETC. (IMPRINT) | |
| Place of publication, distribution, etc | Boston : |
| Name of publisher, distributor, etc | McGraw-Hill Higher Education, |
| Date of publication, distribution, etc | 2009. |
| 300 ## - PHYSICAL DESCRIPTION | |
| Extent | 2 v. : |
| Other physical details | ill. |
| 440 #0 - SERIES STATEMENT/ADDED ENTRY--TITLE | |
| Title | Explorations in world history |
| 504 ## - BIBLIOGRAPHY, ETC. NOTE | |
| Bibliography, etc | Includes bibliographical references and index. |
| 505 0# - FORMATTED CONTENTS NOTE | |
| Formatted contents note | v. 1. Prehistory to 1500 -- v. 2. 1500-present. |
| 650 #0 - SUBJECT ADDED ENTRY--TOPICAL TERM | |
| Topical term or geographic name as entry element | Women |
| General subdivision | History. |
| 700 1# - ADDED ENTRY--PERSONAL NAME | |
| Personal name | Paul, Chandrika. |
| 700 1# - ADDED ENTRY--PERSONAL NAME | |
| Personal name | Senecal, Christine. |
| 856 42 - ELECTRONIC LOCATION AND ACCESS | |
| Materials specified | Publisher description |
| Uniform Resource Identifier | <a href="http://www.loc.gov/catdir/enhancements/fy0808/2007032970-d.html">http://www.loc.gov/catdir/enhancements/fy0808/2007032970-d.html</a> |
| 856 41 - ELECTRONIC LOCATION AND ACCESS | |
| Materials specified | Table of contents only |
| Uniform Resource Identifier | <a href="http://www.loc.gov/catdir/enhancements/fy0814/2007032970-t.html">http://www.loc.gov/catdir/enhancements/fy0814/2007032970-t.html</a> |
| 906 ## - LOCAL DATA ELEMENT F, LDF (RLIN) | |
| a | 7 |
| b | cbc |
| c | orignew |
| d | 1 |
| e | ecip |
| f | 20 |
| g | y-gencatlg |
| 942 ## - ADDED ENTRY ELEMENTS (KOHA) | |
| Source of classification or shelving scheme | |
| Koha item type | Book |
| Withdrawn status | Lost status | Source of classification or shelving scheme | Damaged status | Not for loan | Home library | Current library | Date acquired | Source of acquisition | Total Checkouts | Full call number | Barcode | Date last seen | Date checked out | Copy number | Price effective from | Koha item type |
|---|---|---|---|---|---|---|---|---|---|---|---|---|---|---|---|---|
| Riara University Library | Riara University Library | 18/10/2011 | Purchase | 1 | HQ1121.C53 2009 | 2690/11 | 08/04/2014 | 24/03/2014 | C.1 | 18/10/2011 | Book | |||||
| Riara University Library | Riara University Library | 18/10/2011 | Purchase | HQ1121.C53 2009 | 2689/11 | 18/10/2011 | C.2 | 18/10/2011 | Book | |||||||
| Riara University Library | Riara University Library | 18/10/2011 | Purchase | HQ1121.C53 2009 | 2688/11 | 18/10/2011 | C.3 | 18/10/2011 | Book |
